000
00338nam a2200157Ia 4500
999
_c
10118
_d
10118
003
OSt
005
20250705162949.0
008
201231s9999 xx 000 0 und d
040
_c
.
082
_a
331.7656
_b
H6779
100
_a
HMSO
245
0
_a
Port Transport Industry /
260
_a
London
_b
HMSO
300
_a
63
942
_c
BK
_2
ddc